Normal view
MARC view
- شقوارة، سناء علي
Entry Personal Name
001 - CONTROL NUMBER
- control field: 62331
003 - CONTROL NUMBER IDENTIFIER
- control field: JO-AjAnu
005 - DATE AND TIME OF LATEST TRANSACTION
- control field: 20230606084200.0
008 - FIXED-LENGTH DATA ELEMENTS
- fixed length control field: 230606|| aca||aabn | a|a d
040 ## - CATALOGING SOURCE
- Original cataloging agency: JO-AjAnu
- Transcribing agency: JO-AjAnu
100 ## - HEADING--PERSONAL NAME
- Personal name: شقوارة، سناء علي
670 ## - SOURCE DATA FOUND
- Source citation: Work cat.: (JO-AjAnu)31788: شقوارة، سناء علي, author, المسؤولية المجتمعية بين النظرية والتطبيق